000 00320nam a2200133Ia 4500
005 20251222141759.0
008 251222s9999||||xx |||||||||||||| ||spa||
020 _a84-9754-063-8
082 _a371.337/K91
100 _aKuffner,Trish
245 0 _a365 Juegos para Entretener a tu Hijo:
264 _bOniro
942 _cLIB
999 _c6104
_d6104